000 00991 a2200241 4500
005 20260204110911.0
008 260204b |||||||| |||| 00| 0 eng d
020 _a9789357758338 (hbk)
037 _cTB
040 _aCRL
_cCRL
041 _2hin
_ahin
084 _aO152,6N26x R4
_qCRL
100 _aभारती, धर्मवीर
_9860737
245 _aपश्यन्ति
250 _a5 संस्करण
260 _bवाणी प्रकाशन,
_c2024.
_aनयी दिल्ली, भारत:
300 _a208पृ.
365 _b495.00
_cINR
490 _aलोकोदय ग्रंथमाला : ग्रंथांक 291
650 _aहिन्दी निबंध
_91113538
942 _cTB
_2CC
_n0
_hO152,6N26x R4
999 _c1466709
_d1466709